LEADER 05304nam 22006494a 450 001 9911019479203321 005 20200520144314.0 010 $a9786610448777 010 $a9781280448775 010 $a1280448776 010 $a9780470022610 010 $a0470022612 010 $a9780470022597 010 $a0470022590 035 $a(CKB)1000000000357217 035 $a(EBL)257680 035 $a(SSID)ssj0000159433 035 $a(PQKBManifestationID)11164528 035 $a(PQKBTitleCode)TC0000159433 035 $a(PQKBWorkID)10158063 035 $a(PQKB)10029560 035 $a(MiAaPQ)EBC257680 035 $a(OCoLC)69240688 035 $a(Perlego)2760690 035 $a(EXLCZ)991000000000357217 100 $a20050606d2006 uy 0 101 0 $aeng 135 $aur|n|---||||| 181 $ctxt 182 $cc 183 $acr 200 00$aFrontiers in crystal engineering /$fedited by Edward R.T. Tiekink, Jagadese J. Vittal 210 $aChichester, England ;$aHoboken, NJ $cWiley$dc2006 215 $a1 online resource (347 p.) 300 $aDescription based upon print version of record. 311 08$a9780470022580 311 08$a0470022582 320 $aIncludes bibliographical references and index. 327 $aFrontiers in Crystal Engineering; Contents; List of Contributors; Foreword; 1 Applications of Crystal Engineering Strategies in Solvent-free Reactions: Toward a Supramolecular Green Chemistry; 1 Introduction; 1.1 Making Crystals by Smashing Crystals?; 1.2 Milling, Grinding, Kneading and Seeding; 2 Mechanochemical Preparation of Hydrogen-Bonded Adducts; 3 Mechanically Induced Formation of Covalent Bonds; 3.1 Mechanochemical Preparation of Coordination Networks; 4 The Solvent-free Chemistry of the Zwitterion [CoIII(?5-C5H4COOH)(?5-C5H4COO)]; 5 Concluding Remarks; 6 Acknowledgments; References 327 $a2 Crystal Engineering of Pharmaceutical Co-crystals1 Introduction; 1.1 What Are Co-crystals?; 1.2 How Are Co-crystals Prepared?; 1.3 Why Are Co-crystals of Relevance in the Context of APIs?; 2 What Is the Origin of Polymorphism and Is It Prevalent in Co-crystals?; 3 What Is a Pharmaceutical Co-crystal?; 3.1 A Case Study: Pharmaceutical Co-crystals of Carbamazepine, 1 (CBZ, 1); 3.2 But Beware of "Fake" Pharmaceutical Co-crystals!; 4 Conclusions; 5 Acknowledgments; References; 3 Template-controlled Solid-state Synthesis: Toward a General Form of Covalent Capture in Molecular Solids 327 $a1 Introduction1.1 Target-oriented Organic Synthesis; 1.2 Target-oriented Organic Synthesis and Covalent Capture; 1.3 Overview; 2 Controlling Reactivity Using Linear Templates; 3 Template-controlled Solid-state Reactivity; 3.1 Template-controlled Reactivity in the Solid state; 3.2 Resorcinol as a Linear Template; 3.3 Modularity and Generality; 4 Target-oriented Organic Synthesis in the Solid State; 4.1 [2.2]-Paracyclophane; 4.2 Template Switching; 4.3 Ladderanes; 5 Other Linear Templates; 5.1 1,8-Naphthalenedicarboxylic Acid; 5.2 Bis-p-phenylene[34]-crown[10] 327 $a5.3 Carballylic and 1,2,4,5-Benzenetetracarboxylic Acids5.4 Tetrakis(4-iodoperfluorophenyl)erythritol; 6 Summary and Outlook; References; 4 Interplay of Non-covalent Bonds: Effect of Crystal Structure on Molecular Structure; 1 Introduction; 2 Second-Sphere Coordination; 3 Soft Coordination Environments; 3.1 Mercury and Tin; 3.2 Comparison with Calculation; 3.3 Influence of Disorder; 4 Speciation; 5 Molecular Conformation; 6 Conclusions; References; 5 Crystal Engineering of Halogenated Heteroaromatic Clathrate Systems; 1 Introduction; 1.1 Clathrates; 1.2 New Clathrand Inclusion Hosts 327 $a1.3 Halogenated Heteroaromatic Hosts2 Aromatic Edge-Edge C-H· · ·N Dimers; 3 Heteroatom-1,3-Peri Interactions; 3.1 The Ether-1,3-Peri Aromatic Hydrogen Interaction; 3.2 The Thioether-and Aza-1,3-Peri Aromatic Hydrogen Interactions; 4 Molecular Pen Structures; 5 Halogenated Edge-Edge Interactions; 6 Pi-Halogen Dimer (PHD) Interactions; 6.1 A New Aromatic Building Block; 6.2 Staircase Inclusion Compounds; 6.3 Layer Inclusion Compounds; 7 Molecular Bricks, Spheres and Grids; 7.1 Bricks and Mortar Inclusion Systems; 7.2 Molecular Spheres of Variable Composition; 7.3 Interlocking Molecular Grids 327 $a8 Conclusions 330 $aCrystal engineering - where the myriad of intermolecular forces operating in the solid-state are employed to design new nano- and functional materials - is a key new technology with implications for catalysis, pharmaceuticals, synthesis and materials science.Frontiers in Crystal Engineering gathers personal perspectives, from international specialists working in molecular aspects of crystal engineering, on the practical and theoretical challenges of the discipline, and future prospects. These demonstrate the approaches that are being used to tackle the problems associated with the comp 606 $aMolecular crystals$xResearch 615 0$aMolecular crystals$xResearch. 676 $a548 701 $aTiekink$b Edward R. T$0867117 701 $aVittal$b Jagadese J$0958289 801 0$bMiAaPQ 801 1$bMiAaPQ 801 2$bMiAaPQ 906 $aBOOK 912 $a9911019479203321 996 $aFrontiers in crystal engineering$94419506 997 $aUNINA LEADER 03879nam 22007095 450 001 9910728386803321 005 20251219100444.0 010 $a3-031-14855-X 024 7 $a10.1007/978-3-031-14855-2 035 $a(MiAaPQ)EBC30552963 035 $a(Au-PeEL)EBL30552963 035 $a(OCoLC)1381367625 035 $a(DE-He213)978-3-031-14855-2 035 $a(BIP)085093100 035 $a(PPN)270617531 035 $a(CKB)26784768300041 035 $a(EXLCZ)9926784768300041 100 $a20230526d2023 u| 0 101 0 $aeng 135 $aurcnu|||||||| 181 $ctxt$2rdacontent 182 $cc$2rdamedia 183 $acr$2rdacarrier 200 10$a3D Physical and Virtual Models in Fetal Medicine $eApplications and Procedures /$fby Heron Werner, Gabriele Tonni, Jorge Lopes 205 $a1st ed. 2023. 210 1$aCham :$cSpringer International Publishing :$cImprint: Springer,$d2023. 215 $a1 online resource (197 pages) 311 08$aPrint version: Werner, Heron 3D Physical and Virtual Models in Fetal Medicine Cham : Springer International Publishing AG,c2023 9783031148545 327 $aIntroduction -- 3D Printing Technologies -- Post-processing Images -- Virtual Reality Technologies -- 3D Printing and Virtual Reality in fetal surgery -- 3D Printing and Virtual Reality in postnatal surgery -- Virtual and Physical models in main fetal pathologies -- Virtual and Physical models in multiple pregnancy -- Virtual Navigation in fetal medicine -- Maternal?fetal attachment in blind women using physical model - Fetal Imaging and Haptics technology to physically feel the fetus. 330 $aTechnological innovations accompanying advances in medicine have given rise to the possibility of obtaining better-defined fetal images that assist in medical diagnosis and contribute toward genetic counseling offered to parents during the prenatal care. 3D printing is an emerging technique with a variety of medical applications such as surgical planning, biomedical research and medical education. Clinical Relevance: 3D physical and virtual models from ultrasound and magnetic resonance imaging have been used for educational, multidisciplinary discussion and plan therapeutic approaches. The authors describe techniques that can be applied at different stages of pregnancy and constitute an innovative contribution to research on fetal abnormalities. We will show that physical models in fetal medicine can help in the tactile and interactive study of complex abnormalities in multiple disciplines. They may also be useful for prospective parents because a 3D physical modelwith the characteristics of the fetus should allow a more direct emotional connection to their unborn child. 606 $aGynecology 606 $aRadiology 606 $aComputer-aided engineering 606 $aGynecology 606 $aRadiology 606 $aComputer-Aided Engineering (CAD, CAE) and Design 606 $aMalformacions del fetus$2thub 606 $aEcografia fetal$2thub 606 $aVisualització tridimensional$2thub 606 $aMedicina prenatal$2thub 608 $aLlibres electrònics$2thub 615 0$aGynecology. 615 0$aRadiology. 615 0$aComputer-aided engineering. 615 14$aGynecology. 615 24$aRadiology. 615 24$aComputer-Aided Engineering (CAD, CAE) and Design. 615 7$aMalformacions del fetus 615 7$aEcografia fetal 615 7$aVisualització tridimensional 615 7$aMedicina prenatal 676 $a618.3 700 $aWerner$b Heron$01362828 701 $aTonni$b Gabriele$01362829 701 $aLopes$b Jorge$01362830 801 0$bMiAaPQ 801 1$bMiAaPQ 801 2$bMiAaPQ 906 $aBOOK 912 $a9910728386803321 996 $a3D Physical and Virtual Models in Fetal Medicine$93382356 997 $aUNINA